| 000 | 00567cam a2200157 a 4500 | ||
|---|---|---|---|
| 082 | 0 | 0 |
_a625.77 _bNAT _cD |
| 245 | 0 | 0 | _aRoadside management. |
| 260 |
_aWashington, D.C. : _bTransportation Research Board, National Research Council, National Academy of Sciences, _c1982. |
||
| 300 |
_aiv, 30 p. : _bill. ; _c28 cm. |
||
| 526 |
_a0 _b0 _c0 _d625_770000000000000_NAT |
||
| 650 | 0 |
_aHighway engineering _xEnvironmental aspects. _943784 |
|
| 650 | 0 |
_aMCE _9379 |
|
| 650 | 0 |
_aRoadside improvement. _921192 |
|
| 710 | 2 |
_aNational Research Council (U.S.). _920017 |
|
| 942 |
_2ddc _cBK |
||
| 999 |
_c547638 _d547638 |
||